Normal view
MARC view
- اللبدي،ردينة وصفي
Entry Personal Name
001 - CONTROL NUMBER
- control field: 23352
003 - CONTROL NUMBER IDENTIFIER
- control field: JO-AjAnu
005 - DATE AND TIME OF LATEST TRANSACTION
- control field: 20230606074021.0
008 - FIXED-LENGTH DATA ELEMENTS
- fixed length control field: 230606|| aca||aabn | a|a d
040 ## - CATALOGING SOURCE
- Original cataloging agency: JO-AjAnu
- Transcribing agency: JO-AjAnu
100 ## - HEADING--PERSONAL NAME
- Personal name: اللبدي،ردينة وصفي
670 ## - SOURCE DATA FOUND
- Source citation: Work cat.: (JO-AjAnu)12003: اللبدي،ردينة وصفي, author, رسالة الى ابنائي